000 00652nam0a22002291 4500
001 v19\rc\1673799
005 20250619014332.0
035 _a(NLR Aleph) 004780842
090 _a4673802
_c4673802
100 _a20061002d1894 |||y0rusy50 ca
101 0 _arus
102 _aRU
105 _ay z |||a|
200 1 _aНа морских купаньях
_eРоман
_fЕ. Буркевич
210 _aСанкт-Петербург
_cЮ.А. Мансфельд
_d1894
215 _a178 с.
_d18
700 1 _aБуркевич
_bЕ.
801 0 _aRU
_bNLR
_gpsbo
801 1 _aRU
_bProSoft-M
_2rusmarc
852 _aNLR
_j18.289.5.28
942 _cBOOK
980 _aNB